| 000 | 00819nam a22002897a 4500 | ||
|---|---|---|---|
| 003 | OSt | ||
| 008 | 150427b xxu||||| |||| 00| 0 eng d | ||
| 100 | 1 | _aMeroni, Charles F. | |
| 041 | _aeng | ||
| 245 | 1 | 0 | _aEvolution of world posts, with particular emphasis on postal markings and including catalogs of the sales of collections / |
| 260 | _bby the author, | ||
| 300 | _a0 pages | ||
| 650 | 0 | _aPostal History | |
| 650 | 0 | _aPostal Markings | |
| 650 | 0 | _aCovers | |
| 650 | 0 | _aPre-adhesive Covers | |
| 650 | 0 | _aAuctions | |
| 650 | 0 | _aNamed Sales | |
| 650 | 0 | _aMeroni, Charles F. | |
| 650 | 0 | _aPrices Realized | |
| 650 | 0 | _aCollections | |
| 650 | 0 | _aAuction Catalogs | |
| 650 | 0 | _aFox, John A. | |
| 650 | 0 | _aFamous Stamps and Collections | |
| 650 | 0 | _aRare Issues and Covers | |
| 650 | 0 | _aBibliographies | |
| 999 |
_c1342 _d1342 |
||